| 000 | 00616nam a2200217 a 4500 | ||
|---|---|---|---|
| 999 |
_c3008 _d3008 |
||
| 001 | 3008 | ||
| 003 | BD-JhCC | ||
| 005 | 20171109100821.0 | ||
| 008 | 171109s1986 bg |||| ||a| 000 0 ben d | ||
| 035 | _a(BD-JhCC)3008 | ||
| 040 |
_aBD-JhCC _dBD-JhCC |
||
| 041 | _aben | ||
| 082 |
_a891.443 _bHAS 1986 |
||
| 100 | _aহাশেম, দিলারা | ||
| 245 |
_aমিউরাল / _cদিলারা হাশেম, |
||
| 260 |
_aঢাকা : _bমুক্তধারা প্রকাশন, _c1985 |
||
| 300 |
_a119 p. : _c20 cm. |
||
| 650 | _aBengali Novel | ||
| 942 |
_2ddc _cBK |
||